1st Ever CFP Poll - Statistics

General Stats
  • This quiz has been taken 28 times
  • The average score is 19 of 25
Answer Stats
Rank Conference Team % Correct
6 SEC Alabama
100%
11 SEC Georgia
96%
16 BIG10 Ohio State
92%
21 ACC Clemson
88%
2 ACC Florida State
88%
19 SEC LSU
88%
5 PAC-12 Oregon
88%
3 SEC Auburn
85%
10 I-A Independents Notre Dame
85%
22 PAC-12 UCLA
81%
12 PAC-12 Arizona
77%
24 ACC Duke
77%
9 BIG12 Kansas State
77%
8 BIG10 Michigan State
77%
4 SEC Ole Miss
77%
14 PAC-12 Arizona State
73%
13 BIG12 Baylor
73%
18 BIG12 Oklahoma
73%
7 BIG12 TCU
73%
1 SEC Mississippi State
69%
15 BIG10 Nebraska
69%
25 ACC Louisville
62%
23 American East Carolina
58%
17 PAC-12 Utah
54%
20 BIG12 West Virginia
46%
No matching quizzes found
Score Distribution
Percent of People with Each Score
Percentile by Number Answered
Your Score History
You have not taken this quiz